000 01635cam a22004337a 4500
003 CHAP
005 20220329142439.0
008 010227d2000 mx r 00110 spa d
010 _a83622
011 _a84594
020 _a9688393029
035 _a95119
040 _cCHAP
090 _aFolleto 16165
100 0 0 _aCenteno Rodríguez, María del Socorro.
_921010
245 1 0 _aInvisibilidad de la participación de las mujeres en las organizaciones comunitarias
_c/por María del Socorro Centeno Rodríguez, (y otros).
260 _aMontecillo, Méx. :
_bColegio de Postgraduados,
_c2000.
300 _a56 p. :
490 0 _aComunicación en socioeconomía, estadística e informática
_v; 4 (1)
501 _aEnc. con otro impreso
590 _aBATCH-UPD
_b10
_c20130110
_lUCH01
_h0250
590 _aBATCH-UPD
_b10
_c20130110
_lUCH01
_h1014
590 _aBATCH-UPD
_b10
_c20130409
_lUCH01
_h2321
590 _aBATCH-UPD
_b10
_c20130410
_lUCH01
_h1329
590 _aBATCH-UPD
_b10
_c20130913
_lUCH01
_h2350
590 _aBATCH-UPD
_b10
_c20130914
_lUCH01
_h1833
590 _aCONVERSION
_b10
_c20130109
_lUCH01
_h1346
650 1 4 _aEnfoque de género.
_936945
650 1 4 _aMujer en comunidades rurales.
_979360
650 1 4 _aMujer
_xSituación social
_zColima.
_979337
700 0 _aAlberti Manzanares, Pilar.
_93476
700 0 _aMercado González, Marta.
_974901
700 0 _aZapata Martelo, Emma.
_9123641
830 0 0 _aComunicación en socioeconomía, estadística e informática
_v; 4 (1)
_926216
901 _aBK
905 _aEdna Luz
942 _cFOLL
949 _aFolleto 16165
_bBC
_cUACH
_d33724000994687
_eUACH
_i95119
_sb
999 _c83622
_d83622